Southville International School and Colleges
Your cart is empty.
  • Cart
  • Lists
    Public lists Eva Luna New books Lux_list list_1
    Your lists Log in to create your own lists
  • Log in to your account
  • Your cookies
  • Search history
Southville International School and Colleges
  • Advanced search
  • Recent comments
  • Most popular
  • Libraries

Log in to your account

Log in with GOOGLE


If you do not have an external account, but do have a local account, you can still log in:

  1. Home
  2. MARC view: Deserves to die/
Normal view MARC view ISBD view

Deserves to die/ (Record no. 359238)

[ view plain ]
MARC details
000 -LEADER
fixed length control field 00501nam a2200193Ia 4500
003 - CONTROL NUMBER IDENTIFIER
control field SISC
005 - DATE AND TIME OF LATEST TRANSACTION
control field 20181022080109.0
008 - FIXED-LENGTH DATA ELEMENTS--GENERAL INFORMATION
fixed length control field 181016s9999 xx 000 0 und d
020 ## - INTERNATIONAL STANDARD BOOK NUMBER
International Standard Book Number 9781420118520
050 ## - LIBRARY OF CONGRESS CALL NUMBER
Classification number PS 3560 .A223
Item number .J12 2014
100 ## - MAIN ENTRY--PERSONAL NAME
Personal name Jackson, Lisa
245 ## - TITLE STATEMENT
Statement of responsibility, etc Lisa Jackson
Title Deserves to die/
260 ## - PUBLICATION, DISTRIBUTION, ETC. (IMPRINT)
Place of publication, distribution, etc NY:
Name of publisher, distributor, etc Zebra Books
Date of publication, distribution, etc 2014
300 ## - PHYSICAL DESCRIPTION
Extent 425 pages :
Dimensions 17 cm.
650 ## - SUBJECT ADDED ENTRY--TOPICAL TERM
Topical term or geographic name as entry element Serial murder investigation
650 ## - SUBJECT ADDED ENTRY--TOPICAL TERM
Topical term or geographic name as entry element Women detective
942 ## - ADDED ENTRY ELEMENTS (KOHA)
Source of classification or shelving scheme Library of Congress Classification
Koha item type Books
Holdings
Withdrawn status Lost status Source of classification or shelving scheme Damaged status Home library Current library Shelving location Date acquired Source of acquisition Total Checkouts Full call number Barcode Date last seen Price effective from Koha item type Public note
    Library of Congress Classification   Luxembourg Library Luxembourg Library Fiction Section 10/16/2018 Donation   PS 3560.A223 .J12 2014 20630 10/22/2018 10/16/2018 Books Donated by Charlie McNamara

Deserves to die/

APA

Jackson L., . (2014). Deserves to die. NY: Zebra Books.

Chicago

Jackson Lisa, . 2014. Deserves to die. NY: Zebra Books.

Harvard

Jackson L., . (2014). Deserves to die. NY: Zebra Books.

MLA

Jackson Lisa, . Deserves to die. NY: Zebra Books. 2014.

  • Place hold
  • Print
  • Cite
  • Add to your cart (remove)
  • Save record
    BIBTEX Dublin Core MARCXML MARC (non-Unicode/MARC-8) MARC (Unicode/UTF-8) MARC (Unicode/UTF-8, Standard) MODS (XML) RIS
  • More searches
    Search for this title in:
    Other Libraries (WorldCat) Other Databases (Google Scholar) Online Stores (Bookfinder.com) Open Library (openlibrary.org)

Exporting to Dublin Core...

SOUTHVILLE LIBRARY

Southville International School and Colleges Library

1281 Tropical Ave. Cor. Luxembourg St., BF Homes International, Las Pinas City

Tel. No. 8256374 / 252358 Loc. 117/146

Powered by Koha